Every Breath You Take lyrics - Statistics

General Stats
  • This quiz has been taken 114 times
  • The average score is 284 of 335
Answer Stats
Lyrics % Correct
Every
100%
every
100%
(Every
100%
I
100%
you
100%
You
100%
be
99%
take
99%
take,
99%
take)
99%
a
98%
breath
98%
I'll
96%
make
96%
make,
96%
watchin'
96%
And
93%
and
93%
move
93%
break,
88%
break
88%
single
84%
step
84%
day
83%
day,
83%
can
81%
see
81%
With
80%
can't
78%
me?
77%
say
76%
to
76%
belong
72%
word
72%
Oh,
71%
smile
69%
your
67%
my
66%
heart
65%
night
65%
night,
65%
fake,
64%
bond
63%
gone
61%
Since
61%
aches
60%
face
58%
poor
57%
vow
57%
been
54%
stay
54%
stay)
54%
you've
54%
I've
53%
lost
53%
How
52%
play,
52%
stake
52%
stake)
52%
game
51%
only
51%
without
51%
"Baby,
49%
baby,
49%
please"
49%
so
49%
look
48%
trace
48%
keep
46%
at
45%
claim
45%
for
45%
it's
43%
around
42%
dream
42%
embrace
42%
long
42%
replace
41%
but
40%
cryin',
35%
feel
33%
cold
31%
No matching quizzes found
Score Distribution
Percent of People with Each Score
Percentile by Number Answered
Your Score History
You have not taken this quiz